00445nam a2200157Ia 4500008004100000041000800041082000800049100001800057245011800075250000800193260002400201300000800225542001500233551002700248650001200275220531s9999 xx 000 0 und d aeng bKUM aKumar, P. Ed. aLiterature And Marginality: Comparative Perspectives In African, American, Australian And Indian Dalit Literature a1ST aDelhibKalpazc2014 a288 d10-04-2015 aEnglishbNon-grant-ENG aEnglish